Физика. Интернет-тестирование базовых знаний: учебное пособие

Bibliografski detalji
Glavni autor: Калашников Н. П. Николай Павлович
Daljnji autori: Кожевников Н. М. Николай Михайлович
Sažetak:Учебное пособие содержит теоретические сведения по физике и подробные решения демонстрационных вариантов тестовых заданий, представленных на сайте Росаккредагентства (www.fepo.ru <http://www.fepo.ru>). Тематическая структура пособия определяется дидактическими единицами государственных образовательных стандартов, которые, в свою очередь, разделяются на более узкие подразделы — так называемые аттестационные педагогические измерительные материалы (АПИМ). Такая структура во многом определяет специфику проведения и оценки результатов Федерального экзамена в сфере профессионального образования (ФЭПО) по дисциплинам основных образовательных программ.
Jezik:ruski
Izdano: СПб., Лань, 2009
Teme:
Format: Knjiga
KOHA link:https://koha.lib.tpu.ru/cgi-bin/koha/opac-detail.pl?biblionumber=172501

MARC

LEADER 00000nam0a2200000 4500
001 172501
005 20231101223031.0
010 |a 9785811409259 
035 |a (RuTPU)RU\TPU\book\187067 
090 |a 172501 
100 |a 20091214d2009 m y0rusy50 ca 
101 0 |a rus 
102 |a RU 
105 |a a j 001zy 
200 1 |a Физика. Интернет-тестирование базовых знаний  |e учебное пособие  |f Н. П. Калашников, Н. М. Кожевников 
210 |a СПб.  |c Лань  |d 2009 
215 |a 150 с.  |c ил. 
320 |a Библиогр.: с. 147 
330 |a Учебное пособие содержит теоретические сведения по физике и подробные решения демонстрационных вариантов тестовых заданий, представленных на сайте Росаккредагентства (www.fepo.ru <http://www.fepo.ru>). Тематическая структура пособия определяется дидактическими единицами государственных образовательных стандартов, которые, в свою очередь, разделяются на более узкие подразделы — так называемые аттестационные педагогические измерительные материалы (АПИМ). Такая структура во многом определяет специфику проведения и оценки результатов Федерального экзамена в сфере профессионального образования (ФЭПО) по дисциплинам основных образовательных программ. 
606 1 |a Физика  |x Компьютерное тестирование  |2 stltpush  |3 (RuTPU)RU\TPU\subj\69226  |9 84193 
610 1 |a механика 
610 1 |a молекулярная физика 
610 1 |a статистическая физика 
610 1 |a термодинамика 
610 1 |a электричество 
610 1 |a магнетизм 
610 1 |a колебания 
610 1 |a волны 
610 1 |a волновая оптика 
610 1 |a квантовая оптика 
610 1 |a квантовая физика 
610 1 |a атомная физика 
610 1 |a ядерная физика 
610 1 |a элементарные частицы 
610 1 |a учебные пособия 
675 |a 53:681.3(076)  |v 3 
700 1 |a Калашников  |b Н. П.  |g Николай Павлович 
701 1 |a Кожевников  |b Н. М.  |g Николай Михайлович 
801 1 |a RU  |b 63413507  |c 20091214 
801 2 |a RU  |b 63413507  |c 20150513  |g RCR 
942 |c BK 
959 |a 122/20091214  |d 12  |e 190,08  |f АНЛ:1  |f ЧЗТЛ:1  |f Ф_ТПУ_Новокузнецк:10